000 00696nam a2200241Ia 4500
003 OSt
005 20220918191225.0
006 a|||||r|||| 00| 0
007 ta
008 220917b |||||||| |||| 00| 0 eng d
024 _a62,096
037 _cTextual
040 _aARTS
_cARTS
_beng
041 _2eng
_aeng
082 _aQ6:51.2, M9
100 _aKooiman Dick
_975342
245 0 _aConversion and social equlity in India
_b the London missionary society in South Travancore in the 19th century
260 _aN.D
_bManohar Pub
_c1989
300 _axi,236p.
_ccm.
650 _aRELIGION
942 _hQ6:51.2, M9
_cTEXL
_2CC
999 _c188818
_d188818